| 000 | 00402cam a2200169ua 4500 | ||
|---|---|---|---|
| 020 | _cRs.6/- | ||
| 041 |
_ahin _h |
||
| 082 |
_a891.43 _bSHA/SU |
||
| 100 | _asachirani, . | ||
| 245 |
_aSamithra and panth / _cShachrani. _hTextual Documents |
||
| 260 |
_aDelhi : _bAtmaram and sons , _c1957. |
||
| 300 | _a340 ; . | ||
| 365 | _aRs.6/- | ||
| 504 | _a | ||
| 942 | _cBK | ||
| 999 |
_c12258 _d12258 |
||